| 000 | 00639nam a2200205 u 4500 | ||
|---|---|---|---|
| 005 | 20240501063655.0 | ||
| 008 | 100823s2007 r 000 0 eng d | ||
| 020 | _a1404269967 | ||
| 035 | _aUPN01000177482 | ||
| 049 | _aI | ||
| 050 | 4 |
_aPZ78 _bK5.5 |
|
| 100 | 1 |
_aKing, Zelda _934166 |
|
| 245 | 1 | 3 |
_aLa mascota sorpresa / _cZelda King ; tr. María Cristina Brusca. |
| 260 |
_aNew York : _bRosen Classroom Books & Materials, _c2007. |
||
| 300 |
_a16 p. : _bil. col. |
||
| 440 | 0 |
_aLecturas del barrio. _pMisterio |
|
| 650 | 4 |
_aMascotas _vLiteratura infantil _921679 |
|
| 650 | 4 |
_aLibros y lectura para niños _92290 |
|
| 905 | _aInfantil | ||
| 999 |
_c149585 _d149585 |
||